Taylor Swift - Paroles Mr. Perfectly Fine - Statistiques

Statistiques générales
  • Ce quiz a été pris 98 fois
  • Le résultat moyen est 343 sur 413
Statistiques - réponses
Hint Réponse % Correct
Couplet 1 | Couplet 2 | Refrain Mr.
100%
"Perfect
100%
a
99%
he
99%
He
99%
hear
99%
I
99%
you
99%
you"
99%
You
99%
your
97%
go
96%
the
96%
and
94%
And
94%
ever
94%
heart"
94%
heart
94%
heart,
94%
to
94%
be
93%
breakin'
93%
fine"
93%
fine
93%
her
93%
me
93%
mine?
93%
my
93%
"Perfectly
93%
perfectly
93%
after
91%
by
91%
face"
91%
How's
91%
you're
91%
Outro You're
91%
"Every
90%
every
90%
Everything
90%
everything
90%
"Everything
90%
for
90%
"Here
90%
never
90%
"Never
90%
that
90%
all
89%
been
89%
Refrain Hello
89%
It
89%
it
89%
right
89%
stay"
89%
away"
87%
away
87%
breaking
87%
goodbye
87%
Refrain Goodbye
87%
"I've
87%
I've
87%
look
87%
"Look
87%
time",
87%
time
87%
told
87%
"Always
86%
at
86%
Pré-refrain But
86%
eye
86%
in
86%
it's
86%
It's
86%
Miss
86%
miss
86%
was
86%
life"
84%
place
84%
see
84%
around
83%
"Casually
83%
cry"
83%
day
83%
side"
83%
then,
83%
will
83%
cruel"
81%
up
81%
waiting
81%
when
81%
wonderful
81%
would
81%
"Change
80%
since
80%
got
79%
"Looked
79%
"Misery"
79%
okay
79%
so
79%
Couplet 3 So
79%
"Too
77%
why"
77%
get
76%
just
76%
alone",
74%
apart
74%
end,
74%
fall
74%
takes
74%
baby
73%
know
73%
until
73%
Pré-couplet 'Cause
71%
each
71%
guy"
71%
late"
71%
"Leaves
71%
single
71%
bad
70%
like
70%
on
70%
you'll
70%
girl
69%
had
69%
of
67%
brand
66%
"Gonna
66%
I'm
66%
new
66%
pickin'
66%
revolves
66%
doesn't
64%
last
64%
put
64%
someday"
64%
someday
64%
what
64%
alright
63%
heard
63%
name
63%
Now
63%
he's
61%
his
61%
shame
61%
apology
60%
eyes
60%
such
60%
through
60%
goes
59%
Oh,
57%
same
57%
suit
57%
anything
56%
maybe
56%
about
54%
arm
54%
best
54%
really
54%
Well,
54%
well
54%
even
53%
feeling
53%
Forgets
53%
guess
53%
'round
53%
said
53%
you'd
51%
different
50%
"Insincere
50%
room
50%
far
47%
than
47%
seat
46%
seat,
46%
thought
46%
past
44%
pressed
44%
dignified
43%
might
43%
wins"
43%
above
41%
rest
41%
strategized,
39%
smug,
37%
phased
31%
sense
26%
Sashay
19%
Aucun quiz correspondant
Distribution des résultats
% des personnes avec chaque résultat
Percentile par nombre de réponses
Votre historique - résultats
Vous n’avez pas pris ce quiz